Normal view MARC view
  • Indígenas de México

Entry Materia

Number of records used in: 10

001 - NÚMERO DE CONTROL DEL REGISTRO

  • campo de control: 8610

003 - IDENTIFICADOR DE NUMERO DE CONTROL

  • campo de control: MX-MxUPN

005 - FECHA Y HORA DE LA ÚLTIMA TRANSACCIÓN

  • campo de control: 20240912110700.0

008 - DATOS DE LONGITUD FIJA

  • campo de control de longitud fija: 230926nn fnnnnbaba | ana |d

035 ## - NÚMERO DE CONTROL DEL SISTEMA

  • Número de control del sistema: UPN10000008616

040 ## - FUENTE DE LA CATALOGACIÓN

  • Centro catalogador de origen: MX-MxUPN
  • Lengua de catalogación: spa

053 #4 - NÚMERO CLASIFICADOR - BIBLIOTECA DEL CONGRESO (LC)

  • Elemento numérico de la clasificación - Número único o no. inicial del rango: F1219.3 M54

150 ## - ENCABEZAMIENTO - TEMÁTICO

  • Término de materia o nombre geográfico como elemento inicial: Indígenas de México
  • Subdivisión de materia general: Migraciones

450 ## - VÉASE - MATERIA

  • Encabezamiento temático: Indios de México
  • Subdivisión temática general: Migraciones
  • Subcampo de control: nno

670 ## - FUENTE EN LA QUE SE LOCALIZARON DATOS

  • Cita de la fuente: LC Authorities, 26 septiembre 2023
  • Información localizada: (Indians of Mexico - Migrations)
  • Identificador Uniforme del Recurso: https://authorities.loc.gov/

670 ## - FUENTE EN LA QUE SE LOCALIZARON DATOS

  • Cita de la fuente: Autoridades BGTQ. 26 septiembre 2023:
  • Información localizada: (Indígenas de México)

902 ## - CATALOGADOR

  • Catalogador: MMA/030903
  • Catalogador: VíctorGodínez/260923